[Event "POL-chT U19 3rd League Wielkopolska"]
[Site "Kalisz"]
[Date "2013.02.09"]
[Round "1.2"]
[White "Skrzypczak, Edyta"]
[Black "Godyla, Bartosz"]
[Result "0-1"]
[WhiteElo "1534"]
[BlackElo "1493"]
[PlyCount "33"]
[EventDate "2013.02.09"]
[EventType "team-tourn"]
[EventRounds "9"]
[EventCountry "POL"]
[SourceTitle "EXT 2019"]
[Source "ChessBase"]
[SourceDate "2018.10.10"]
[SourceVersion "1"]
[SourceVersionDate "2018.10.10"]
[SourceQuality "1"]
[WhiteTeam "Zbaszyn MKS Wicher U19"]
[BlackTeam "Rawicz Korona Rawbud U19"]
[WhiteTeamCountry "POL"]
[BlackTeamCountry "POL"]

1. Nf3 d5 2. e3 Nf6 3. b3 g6 4. Bb2 Bg7 5. d4 0-0 6. Bd3 b6 7. Nbd2 Bb7 8. Ne5 Nbd7 9. f4 c5 10. 0-0 cxd4 11. exd4 Ne8 12. f5 Nd6 13. fxg6 fxg6 14. Rxf8+ Bxf8 15. Qf3 Bg7 16. Rf1 Nxe5 17. dxe5 0-1

[Event "POL-chT 3rd League Wielkopolska 12/13"]
[Site "Poznan"]
[Date "2013.02.03"]
[Round "7.4"]
[White "Godyla, Bartosz"]
[Black "Skwarczynski, Marcin"]
[Result "0-1"]
[WhiteElo "1493"]
[BlackElo "2027"]
[PlyCount "84"]
[EventDate "2012.11.25"]
[EventType "team-tourn"]
[EventRounds "11"]
[EventCountry "POL"]
[SourceTitle "EXT 2014"]
[Source "ChessBase"]
[SourceDate "2013.11.20"]
[SourceVersion "1"]
[SourceVersionDate "2013.11.20"]
[SourceQuality "1"]
[WhiteTeam "Rawicz Korona Rawbud"]
[BlackTeam "Steszew Lipno"]
[WhiteTeamCountry "POL"]
[BlackTeamCountry "POL"]

1. e4 c5 2. Nf3 Nc6 3. d4 cxd4 4. Nxd4 Nf6 5. Nc3 e6 6. a3 d5 7. Nxc6 bxc6 8. Bg5 Be7 9. exd5 cxd5 10. Bb5+ Bd7 11. Bxd7+ Qxd7 12. 0-0 0-0 13. Re1 Rfe8 14. Qd3 Rab8 15. Rab1 Rec8 16. Ne2 Ne4 17. Bxe7 Qxe7 18. Ng3 Nxg3 19. Qxg3 Rb6 20. Qd3 Qc5 21. Rec1 h6 22. h3 e5 23. b4 Qc6 24. Rb2 Qe6 25. Re1 Rc4 26. c3 Rbc6 27. Qe3 Re4 28. Qd2 Rxe1+ 29. Qxe1 Rc4 30. Qe3 Rc7 31. b5 Qd6 32. Rb3 d4 33. cxd4 exd4 34. Qe8+ Kh7 35. Qe4+ g6 36. Qe1 d3 37. Qd1 d2 38. Rb1 Re7 39. Qf1 Qxa3 40. g3 Qc3 41. Rd1 Re1 42. Rxe1 dxe1Q 0-1

[Event "POL-chT U19 2nd League"]
[Site "Chelm Lubelski"]
[Date "2010.07.14"]
[Round "11"]
[White "Godyla, Bartosz"]
[Black "Szysz, Mateusz"]
[Result "0-1"]
[WhiteElo "1437"]
[BlackElo "1779"]
[PlyCount "64"]
[EventDate "2010.07.06"]
[EventType "team-tourn"]
[EventRounds "11"]
[EventCountry "POL"]
[SourceTitle "EXT 2011"]
[Source "ChessBase"]
[SourceDate "2010.11.26"]
[SourceVersion "1"]
[SourceVersionDate "2010.11.26"]
[SourceQuality "1"]
[WhiteTeam "Rawicz Korona Rawbud U19"]
[BlackTeam "Lesniowice U19"]
[WhiteTeamCountry "POL"]
[BlackTeamCountry "POL"]

1. e4 c5 2. Nf3 Nc6 3. d4 cxd4 4. Nxd4 e5 5. Nb3 d6 6. Nc3 Be6 7. Nd5 Be7 8. c4 Rc8 9. Bd2 Nf6 10. Bd3 0-0 11. 0-0 Nd7 12. f4 exf4 13. Bxf4 Nde5 14. Bxe5 Nxe5 15. Nxe7+ Qxe7 16. Nd4 Nxd3 17. Nxe6 Nxb2 18. Qd4 fxe6 19. Qxb2 Rxf1+ 20. Rxf1 Rxc4 21. Qf2 Qf6 22. Qg3 Qd4+ 23. Kh1 h6 24. h3 Qc5 25. Qf4 Qe5 26. Qf7+ Kh7 27. Qxb7 Rxe4 28. Qb1 d5 29. Qd1 Rf4 30. Qb1+ Qf5 31. Qxf5+ Rxf5 32. Re1 Rf6 0-1